| 000 | 00340nam a2200133Ia 4500 | ||
|---|---|---|---|
| 008 | 230907s9999||||xx |||||||||||||| ||und|| | ||
| 082 |
_a320.951 _bFAN |
||
| 100 |
_aFang, Ning. _983176 |
||
| 245 | 0 | _aChina's Democracy Path / | |
| 260 |
_aChina Social Sciences Press, _c2014 |
||
| 300 | _a258 p. | ||
| 650 | _aChinese Studies | ||
| 942 | _cBK | ||
| 999 |
_c601665 _d601665 |
||